| 000 | 00682cam a22002291 4500 | ||
|---|---|---|---|
| 001 | sa 64005673 | ||
| 003 | DLC | ||
| 005 | 20260227112034.0 | ||
| 008 | 820728s1964 ii b 000 0 hinr | ||
| 010 | _asa 64005673 | ||
| 035 | _a(OCoLC)8639247 | ||
| 040 |
_aDLC _cNcD _dNcD _dDLC |
||
| 042 | _apremarc | ||
| 050 | 0 | 0 |
_aPK2098.V43 _bZ5 |
| 100 | 1 |
_aVerma, Nirmal, _d1929-2005. |
|
| 245 | 1 | 0 |
_aCiṛoṃpara cān̐danī. _c[Lekhaka] Nirmala Varmā. |
| 250 | _a[Prathama saṃsakaraṇa. | ||
| 260 |
_aKalakattā] _bJñānapīṭha Prakāśana _c[1964]. |
||
| 300 |
_a7, 195 p. _c19 cm. |
||
| 490 | 0 | _aJñāpīṭha lokodaya granthamālā, granthāṅka 187 | |
| 500 | _aIn Hindi. | ||
| 999 |
_c59258 _d59258 |
||